[Event "Titled Tue 5th Aug Late"]
[Site "chess.com INT"]
[Date "2025.08.05"]
[Round "11"]
[White "Nakamura,Hi"]
[Black "Durarbayli,Vasif"]
[Result "1-0"]
[WhiteElo "2807"]
[BlackElo "2612"]

1.Nf3 d5 2.g3 c5 3.Bg2 Nf6 4.b3 g6 5.Bb2 Bg7 6.O-O O-O 7.e3 Nc6 8.Ne5 Nxe5
9.Bxe5 Bf5 10.d3 Qd7 11.Nd2 Bh3 12.Re1 Bxg2 13.Kxg2 Rfd8 14.Qe2 Qc6 15.Rad1 c4
16.Nf3 cxd3 17.cxd3 Rac8 18.Nd4 Qa6 19.Qb2 Ne8 20.Nf3 Bxe5 21.Nxe5 Rc7 22.e4 dxe4
23.dxe4 Rdc8 24.a4 Rc2 25.Qd4 Qf6 26.Nc4 Qxd4 27.Rxd4 Kf8 28.e5 Rc3 29.Rb1 Nc7
30.Rh4 h5 31.g4 Ne6 32.gxh5 gxh5 33.Kf1 Ng7 34.Rd4 Ne6 35.Rh4 Ng7 36.a5 Rd8
37.Ne3 Rc5 38.Rb4 Rd7 39.Nc4 Ne6 40.Ra1 Rcd5 41.a6 bxa6 42.Ne3 Rxe5 43.Rxa6 Rc7
44.h4 Kg7 45.Ke2 Rec5 46.Kf3 Rd7 47.Rba4 Nd4+ 48.Kg2 Nc6 49.b4 Rc1 50.b5 Nd4
51.Rxd4 Rxd4 52.Nf5+ Kh7 53.Nxd4 Rc4 54.Nf3 Rg4+ 55.Kf1 Rf4 56.Ng5+ Kg7 57.Rxa7 Rxh4
58.b6 Rb4 59.b7 h4 60.Kg2 Kg6 61.Ne4 Kf5 62.Nc5 Kg4 63.Na6 h3+ 64.Kh2 Rb2
65.b8=Q Rxf2+ 66.Kg1 h2+ 67.Qxh2  1-0

[Event "Titled Tue 12th Aug Early"]
[Site "chess.com INT"]
[Date "2025.08.12"]
[Round "1"]
[White "Demchenko,Yaroslav"]
[Black "Nakamura,Hi"]
[Result "0-1"]
[WhiteElo "2217"]
[BlackElo "2807"]

1.e4 g6 2.d4 Bg7 3.Nc3 a6 4.Be3 d6 5.Qd2 Nd7 6.Nf3 b5 7.Bd3 Bb7 8.a4 b4 9.Ne2 Ngf6
10.Ng3 a5 11.c3 bxc3 12.bxc3 Ba6 13.Bxa6 Rxa6 14.O-O O-O 15.Bh6 e5 16.Bxg7 Kxg7
17.h4 exd4 18.cxd4 d5 19.exd5 Nxd5 20.h5 N7f6 21.Qg5 Kh8 22.h6 Ng8 23.Qd2 Qd6
24.Rfe1 Qf4 25.Qxf4 Nxf4 26.Ne5 Nxh6 27.Rac1 Rc8 28.Re4 Nd5 29.Rc5 Nb4 30.d5 Rd6
31.Rh4 Re8 32.Rxh6 Rxe5 33.Rxc7 Kg7 34.Rh4 Nxd5 35.Ra7 Nf6 36.Rc4 h5 37.f3 Rd1+
38.Kh2 Nd5 39.Ne4 Ne3 40.Rcc7 Rf5 41.Ng3 Rf4 42.Ne2 Rf6 43.Ng3 Rd2 44.Ne4 Rxg2+
45.Kh1 Rxf3  0-1

[Event "Titled Tue 12th Aug Late"]
[Site "chess.com INT"]
[Date "2025.08.12"]
[Round "1"]
[White "Ezat,M"]
[Black "Nakamura,Hi"]
[Result "0-1"]
[WhiteElo "2305"]
[BlackElo "2807"]

1.d4 g6 2.c4 Bg7 3.e4 c5 4.d5 d6 5.Nc3 e6 6.Be2 exd5 7.exd5 Ne7 8.Nf3 O-O
9.O-O Bg4 10.Nd2 Bxe2 11.Nxe2 Nf5 12.Nf3 Nd7 13.Ng3 Nxg3 14.hxg3 b5 15.cxb5 a6
16.bxa6 Rxa6 17.Bf4 Qa8 18.Qe2 Re8 19.Qc2 Rb8 20.Rfb1 Qxd5 21.Rd1 Qe6 22.Re1 Qf5
23.Qe2 Raa8 24.Bxd6 Rxb2 25.Qe7 Bf8 26.g4 Bxe7 27.gxf5 Bxd6 28.Rad1 Ra6 29.Re8+ Kg7
30.Rd8 Rb7 31.fxg6 hxg6 32.Ng5 Be7 33.R8xd7 Rxd7 34.Rxd7 Bxg5 35.g3 Rxa2
36.Kg2 Bf6 37.Rxf7+ Kxf7  0-1

[Event "Titled Tue 12th Aug Early"]
[Site "chess.com INT"]
[Date "2025.08.12"]
[Round "2"]
[White "Nakamura,Hi"]
[Black "Hovakimyan,Vache"]
[Result "1-0"]
[WhiteElo "2807"]
[BlackElo "2270"]

1.c4 e6 2.Nf3 d5 3.e3 Nf6 4.b3 Be7 5.Bb2 O-O 6.d4 b6 7.cxd5 exd5 8.Nc3 Bb7
9.Rc1 a6 10.Bd3 Nbd7 11.O-O Bd6 12.a3 Qe7 13.b4 a5 14.Nb5 axb4 15.axb4 c6
16.Nxd6 Qxd6 17.Qb3 Ba6 18.b5 Bxb5 19.Bxb5 cxb5 20.Qxb5 Ra5 21.Qb3 Ne4 22.Rc2 h6
23.Rfc1 Rfa8 24.Ne1 b5 25.Rc6 Qe7 26.Qxd5 Ndf6 27.Qb3 Ng4 28.Rc7 Qf6 29.f3 Rf8
30.Nd3 Nd2 31.Qd1 Nc4 32.fxg4 Nxe3 33.Qf3 Qe6 34.Nf4  1-0

[Event "Titled Tue 12th Aug Late"]
[Site "chess.com INT"]
[Date "2025.08.12"]
[Round "2"]
[White "Nakamura,Hi"]
[Black "Lamaze,Simon"]
[Result "1-0"]
[WhiteElo "2807"]
[BlackElo "2468"]

1.b3 e5 2.Bb2 Nc6 3.e3 d5 4.Bb5 Ne7 5.Bxe5 a6 6.Bxc6+ Nxc6 7.Bb2 Qg5 8.Kf1 Bg4
9.Nf3 Qh6 10.h3 Bh5 11.d4 O-O-O 12.c4 f6 13.cxd5 Rxd5 14.Nc3 Rd8 15.Rc1 Kb8
16.Ne2 Bd6 17.a3 Rhe8 18.b4 Ne7 19.Qb3 Nf5 20.Rc3 Bxf3 21.gxf3 Nh4 22.e4 f5
23.Bc1 g5 24.e5 Bxe5 25.dxe5 Rxe5 26.Rd3 Rde8 27.Re3 Qc6 28.Qc3 Qd7 29.Qd4 Qb5
30.Rxe5 Rxe5 31.Qd8+ Ka7 32.Be3+ c5 33.Qd6 Nxf3 34.Bxc5+ b6 35.Be3 f4 36.a4 Qc4
37.Qxb6+ Ka8 38.Qa7+  1-0

[Event "Titled Tue 12th Aug Late"]
[Site "chess.com INT"]
[Date "2025.08.12"]
[Round "3"]
[White "Rustemov,A"]
[Black "Nakamura,Hi"]
[Result "0-1"]
[WhiteElo "2525"]
[BlackElo "2807"]

1.d4 e6 2.c4 b6 3.Nf3 Bb7 4.a3 f5 5.g3 Nf6 6.Bg2 Be7 7.O-O O-O 8.Nc3 Ne4
9.Qc2 Qc8 10.Be3 Bf6 11.Rfd1 Nxc3 12.Qxc3 Nc6 13.b4 Ne7 14.Rac1 Ng6 15.Qd2 d6
16.Ne1 h6 17.c5 Bxg2 18.Nxg2 Qd7 19.h4 Rfd8 20.h5 Nf8 21.cxd6 cxd6 22.Nf4 Qf7
23.Rc6 Rd7 24.Qc2 Rad8 25.Qc4 Bg5 26.Rc1 Bxf4 27.Bxf4 Qxh5 28.Rc7 g5 29.Be3 f4
30.gxf4 Qg4+ 31.Kf1 gxf4 32.Rxd7 Rxd7 33.Bd2 Qh3+  0-1

[Event "Titled Tue 12th Aug Early"]
[Site "chess.com INT"]
[Date "2025.08.12"]
[Round "3"]
[White "Mekhitarian,K"]
[Black "Nakamura,Hi"]
[Result "0-1"]
[WhiteElo "2549"]
[BlackElo "2807"]

1.Nf3 g6 2.e4 Bg7 3.d4 d6 4.c4 Bg4 5.Be2 c5 6.d5 Nf6 7.Nc3 O-O 8.O-O Bxf3
9.Bxf3 a6 10.Re1 Nbd7 11.a4 Ne8 12.Be2 e6 13.Bf4 e5 14.Bd2 f5 15.Qc2 f4 16.Bg4 h5
17.Be6+ Kh7 18.Kh1 Nc7 19.Bh3 Nf6 20.f3 a5 21.Rg1 Bh6 22.Raf1 Qe7 23.g4 hxg4
24.Bxg4 Rh8 25.Rg2 Na6 26.Nb5 b6 27.Rfg1 Rhg8 28.Bc3 Rg7 29.Qf2 Rh8 30.b3 Ne8
31.Be1 Nac7 32.Qh4 g5 33.Bf5+ Kg8 34.Qf2 Nxb5 35.axb5 Nf6 36.Qe2 Kf8 37.Bg4 Ke8
38.Be6 Qc7 39.Bg4 Kd8 40.Bf5 Rf7 41.Be6 Rff8 42.Bg4 Qe7 43.Bf5 Ne8 44.Bg4 Bg7
45.h3 Bf6 46.Rh2 Rh6 47.Rgg2 Rfh8 48.Kg1 Qa7 49.Qa2 Be7 50.Kf1 Nf6 51.Bf5 Kc7
52.Ke2 Kb8 53.Kd3 Qc7 54.Bc3 Qd8 55.Qa1 Kb7 56.Qh1 Nh5 57.Be1 Bf6 58.Bf2 Qa8
59.Qa1 Ng7 60.Bg4 Ne8 61.Qa4 Kc7 62.Rh1 Be7 63.Ra1 Nf6 64.Bf5 g4 65.hxg4 Rh3
66.Ke2 Rh2 67.Rag1 Qg8 68.g5 Rxg2 69.Rxg2 Nh5 70.g6 Ng7 71.Qa1 Rh5 72.Bg4 Rh6
73.Qg1 Qh8 74.Bf5 Rh1  0-1

[Event "Titled Tue 12th Aug Early"]
[Site "chess.com INT"]
[Date "2025.08.12"]
[Round "4"]
[White "Nakamura,Hi"]
[Black "Pakleza,Z"]
[Result "0-1"]
[WhiteElo "2807"]
[BlackElo "2494"]

1.Nf3 d5 2.e3 Nf6 3.c4 c6 4.d4 Bf5 5.Nc3 e6 6.Nh4 Be4 7.f3 Bg6 8.Qb3 Qb6
9.Bd2 Qxb3 10.axb3 Bc2 11.c5 g5 12.b4 gxh4 13.b5 Bb3 14.Ra3 Bc4 15.Bxc4 dxc4
16.Ra4 a6 17.bxc6 Nxc6 18.Rxc4 Nd5 19.e4 Nc7 20.Be3 O-O-O 21.Kf2 Nb5 22.Rd1 Nbxd4
23.Rcxd4 Rxd4 24.Rxd4 Nxd4 25.Bxd4 Rg8 26.b4 Kd7 27.e5 Kc6 28.Ne4 Be7 29.Nd6 Bxd6
30.exd6 b6 31.cxb6 Kxd6 32.f4 Kc6 33.Kf3 f5 34.Bf2 Rg7 35.Bd4 Rd7 36.Ke3 Rd5
37.Kd3 Rd8 38.g3 hxg3 39.hxg3 Rg8 40.Bf2 h5 41.Kd4 Rd8+ 42.Ke5 Rd2 43.Bc5 Re2+
44.Kf6 Rg2 45.Kxe6 Rxg3 46.Be7 Re3+ 47.Kxf5 Rxe7 48.Kg5 Rh7 49.Kg6 Rh8 50.Kg7 Rb8
51.f5 Rb7+ 52.Kg6 h4 53.f6 h3 54.f7 Rxf7 55.Kxf7 Kxb6  0-1

[Event "Titled Tue 12th Aug Late"]
[Site "chess.com INT"]
[Date "2025.08.12"]
[Round "4"]
[White "Nakamura,Hi"]
[Black "Pakleza,Z"]
[Result "1-0"]
[WhiteElo "2807"]
[BlackElo "2494"]

1.Nf3 d5 2.d4 c6 3.c4 Nf6 4.e3 Bf5 5.Nc3 e6 6.Nh4 Be4 7.f3 Bg6 8.Qb3 Qb6
9.Nxg6 hxg6 10.Bd2 Nbd7 11.O-O-O Qxb3 12.axb3 Bd6 13.h3 O-O-O 14.g4 a6 15.Bd3 c5
16.Ne2 Kb8 17.g5 Nh5 18.f4 cxd4 19.exd4 dxc4 20.bxc4 Bc7 21.Bc2 Nb6 22.b3 Nc8
23.Rdf1 Ne7 24.Rf3 Rd7 25.Bc3 Rhd8 26.Kb2 Nc6 27.Be4 Nxd4 28.Bxd4 Rxd4 29.Nxd4 Rxd4
30.Re1 Bxf4 31.h4 Bd2 32.Rd1 Rxe4 33.Rxd2 f5 34.gxf6 gxf6 35.Rfd3 Nf4 36.Rd8+ Ka7
37.R2d7 Re2+ 38.Ka3 e5 39.Re7 e4 40.c5 Rc2 41.Rxe4 Ne2 42.Ree8  1-0

[Event "Titled Tue 12th Aug Late"]
[Site "chess.com INT"]
[Date "2025.08.12"]
[Round "5"]
[White "Nakamura,Hi"]
[Black "Klukin,Kirill"]
[Result "1-0"]
[WhiteElo "2807"]
[BlackElo "2401"]

1.d4 d5 2.Nf3 Nf6 3.e3 e6 4.c4 Bd6 5.c5 Be7 6.b4 b6 7.Bb2 a5 8.a3 O-O 9.Nbd2 axb4
10.axb4 Rxa1 11.Qxa1 bxc5 12.dxc5 c6 13.Bd3 Nbd7 14.O-O Bb7 15.e4 Qa8 16.e5 Ne8
17.Qxa8 Bxa8 18.Ra1 Nc7 19.Ra7 Rc8 20.Nb3 Bd8 21.Nbd4 Rb8 22.Bc3 Nf8 23.Nd2 Ng6
24.Bxg6 hxg6 25.N2b3 f6 26.Na5 Nb5 27.Nxb5 cxb5 28.Nb3 Rc8 29.f4 g5 30.Nd4 gxf4
31.Nxe6 d4 32.Bxd4 Bd5 33.Rxg7+ Kh8 34.exf6 Bxe6 35.f7 Bxf7 36.Rxf7+ Kg8
37.Rxf4 Bc7 38.Re4 Kf7 39.g3 Ra8 40.Be5 Bd8 41.c6 Rc8 42.c7 Bxc7 43.Bxc7 Rxc7
44.Re5  1-0

[Event "Titled Tue 12th Aug Early"]
[Site "chess.com INT"]
[Date "2025.08.12"]
[Round "5"]
[White "Nakamura,Hi"]
[Black "Nguyen,Manh Duc"]
[Result "1-0"]
[WhiteElo "2807"]
[BlackElo "2174"]

1.Nf3 d5 2.e3 Nf6 3.c4 c6 4.Qc2 Nbd7 5.d4 e6 6.Nbd2 Be7 7.Bd3 O-O 8.O-O b6
9.e4 dxe4 10.Nxe4 Bb7 11.c5 Nxe4 12.Bxe4 Nf6 13.Bd3 bxc5 14.dxc5 Bxc5 15.Bxh7+ Nxh7
16.Qxc5 Qd5 17.Be3 Qxc5 18.Bxc5 Rfd8 19.Rfc1 Rd5 20.Be3 Nf6 21.h3 a5 22.Nd2 Rb5
23.Nc4 Nd5 24.a4 Rb3 25.Bd2 Ba6 26.Nxa5 Rxb2 27.Bc3 Rb6 28.Bd4 Rbb8 29.Nxc6 Rc8
30.Kh2 f6 31.Na7 Rcb8 32.Rc6 Nb4 33.Rxe6 Bc4 34.Re7 Nc2 35.Rc1 Bb3 36.Bc5 Bxa4
37.Rc7 Kh8 38.Rd1 Re8 39.Rd3 Rad8 40.Rc3 Re4 41.Nc6 Rde8 42.Ne7  1-0

[Event "Titled Tue 12th Aug Early"]
[Site "chess.com INT"]
[Date "2025.08.12"]
[Round "6"]
[White "Nguyen,Quoc Hy"]
[Black "Nakamura,Hi"]
[Result "0-1"]
[WhiteElo "2401"]
[BlackElo "2807"]

1.d4 f5 2.Bg5 c6 3.e3 Qb6 4.Nd2 d6 5.Nc4 Qc7 6.Nf3 g6 7.Bd3 Bg7 8.O-O Nf6
9.Re1 O-O 10.a4 Kh8 11.h3 Be6 12.Bf4 Nbd7 13.Bh2 Bg8 14.c3 Rfe8 15.Qc2 Rad8
16.Rad1 a6 17.a5 b5 18.axb6 Nxb6 19.Nxb6 Qxb6 20.Ra1 a5 21.Nd2 Ra8 22.e4 fxe4
23.Nxe4 Reb8 24.Ng5 Ra7 25.Re2 a4 26.Rae1 Rbb7 27.Bf4 Qb3 28.Qc1 Nd5 29.Bd2 Qxb2
30.c4 Qxc1 31.Bxc1 Nb4 32.Be4 Bxc4 33.Rd2 a3 34.Bf3 a2 35.Bb2 Nd3  0-1

[Event "Titled Tue 12th Aug Late"]
[Site "chess.com INT"]
[Date "2025.08.12"]
[Round "6"]
[White "Sindarov,Javokhir"]
[Black "Nakamura,Hi"]
[Result "0-1"]
[WhiteElo "2722"]
[BlackElo "2807"]

1.e4 e5 2.Nf3 Nc6 3.Bc4 Nf6 4.d3 Be7 5.O-O d6 6.a4 O-O 7.c3 a5 8.Re1 Be6
9.Nbd2 Bxc4 10.Nxc4 Re8 11.Qb3 b6 12.Bg5 Nd7 13.Bxe7 Nxe7 14.d4 Ng6 15.g3 h6
16.Rad1 Qf6 17.Kg2 Qe6 18.Ncd2 Qg4 19.Qb5 Nf6 20.dxe5 dxe5 21.Ng1 Rad8 22.h3 Qe6
23.Ngf3 Rd7 24.Nf1 Rxd1 25.Rxd1 Nxe4 26.Ne3 Nf6 27.Qc4 Qxc4 28.Nxc4 Kf8 29.b4 e4
30.Nd4 Ne5 31.Nxe5 Rxe5 32.Nc6 Rd5 33.Rxd5 Nxd5 34.bxa5 bxa5 35.c4 Nb6 36.Nxa5 Nxa4
37.Kf1 Ke7 38.Ke2 f5 39.Ke3 Ke6 40.g4 g6 41.Nc6 Nb2 42.gxf5+ gxf5 43.Nd4+ Ke5
44.Nc6+ Ke6 45.Nd4+ Kf6 46.f3 Nxc4+ 47.Kf4 exf3 48.Nxf3 Nb6 49.Ke3 c5 50.Nd2 Ke6
51.Kd3 Ke5 52.Nf3+ Kf4 53.Nh4 h5 54.Ng6+ Kg3 55.Ne7 f4 56.Ke4 f3 57.Nf5+ Kxh3
58.Kxf3 c4 59.Ne3 c3 60.Ke2 Kg3 61.Kd3 Kf3 62.Nf5 Nd5 63.Nd4+ Kg4 64.Ne2 Nf4+  0-1

[Event "Titled Tue 12th Aug Early"]
[Site "chess.com INT"]
[Date "2025.08.12"]
[Round "7"]
[White "Nakamura,Hi"]
[Black "Ibrahimli,Murad"]
[Result "1-0"]
[WhiteElo "2807"]
[BlackElo "2445"]

1.e4 c5 2.c3 Nf6 3.e5 Nd5 4.d4 cxd4 5.Qxd4 e6 6.Qg4 Nc6 7.Nf3 d6 8.exd6 Nf6
9.Qg3 h6 10.Bd3 g5 11.Ne5 Nxe5 12.Qxe5 Bxd6 13.Qe2 Nd5 14.g3 Kf8 15.h4 Be7
16.hxg5 Bxg5 17.Bxg5 Qxg5 18.Nd2 Kg7 19.Nf3 Qf6 20.Ne5 Qg5 21.Rh5 Qe7 22.Qd2 Nf6
23.Rh4 Nd7 24.Qe3 Nxe5 25.Qxe5+ f6 26.Qh5 f5 27.O-O-O Qg5+ 28.Kc2 Qxh5 29.Rxh5 Bd7
30.g4 Be8 31.Rh4 Bg6 32.gxf5 exf5 33.Rg1 Kf6 34.Rgh1 h5 35.c4 Rad8 36.Kc3 Rd7
37.Be2 Re7 38.Bf3 b6 39.Rd4 Rhe8 40.b4 Rh8 41.c5 bxc5 42.bxc5 Rc8 43.c6 Be8
44.Rd6+ Re6 45.Rxe6+ Kxe6 46.Re1+ Kd6 47.Kd4 Bxc6 48.Bxh5 Bd5 49.Be2 Re8
50.Kd3 Bxa2 51.Ra1 Bc4+ 52.Kxc4 Rxe2 53.Rxa7 Ke5 54.Re7+ Kf4 55.Rxe2  1-0

[Event "Titled Tue 12th Aug Late"]
[Site "chess.com INT"]
[Date "2025.08.12"]
[Round "7"]
[White "Nakamura,Hi"]
[Black "Bortnyk,Olexandr"]
[Result "1-0"]
[WhiteElo "2807"]
[BlackElo "2601"]

1.d4 Nf6 2.Bg5 g6 3.Bxf6 exf6 4.e3 c6 5.h4 Qb6 6.b3 d5 7.h5 Rg8 8.Nf3 Bg4
9.hxg6 hxg6 10.a3 Nd7 11.c4 f5 12.cxd5 cxd5 13.Nc3 Rc8 14.Na4 Qc6 15.Qd2 Bd6
16.Bd3 b5 17.Nb2 Nf6 18.Qa5 a6 19.Ne5 Qb7 20.f3 Bh5 21.Kf2 Nd7 22.Nxd7 Kxd7
23.Be2 Rge8 24.Nd3 Re7 25.g4 fxg4 26.fxg4 Rce8 27.Rh3 Bxg4 28.Bxg4+ f5 29.Be2 g5
30.Rah1 Qc6 31.Rc1 Qb7 32.Nc5+ Bxc5 33.dxc5 Qc6 34.Qb6 g4 35.Qxc6+ Kxc6 36.Rh6+ Kb7
37.c6+ Kc7 38.Bd3 Rxe3 39.Rh7+ Kb6 40.b4 Rf3+ 41.Kg2 Rb8 42.c7 Rc8 43.Rh6+ Kb7
44.Bb1 Rxc7 45.Rxc7+ Kxc7 46.Rf6 Rxa3 47.Bxf5 Rb3 48.Rxa6 Rxb4 49.Kg3 Ra4
50.Rh6 b4 51.Kxg4 b3+ 52.Kf3 b2 53.Rh2 Rb4 54.Bb1 Kd6 55.Ke3 Kc5 56.Kd3 Rb3+
57.Kc2 Rb4 58.Ba2 d4 59.Rh5+ Kc6 60.Bb1 Kd6 61.Kd3 Kc6 62.Rg5 Kd6 63.Ke4 Rc4
64.Rb5 Rc1 65.Rxb2 d3 66.Bxd3 Rc5 67.Rb6+ Rc6 68.Rb2 Rc5 69.Rb1 Re5+ 70.Kd4 Rd5+
71.Kc3 Rc5+ 72.Bc4 Rg5 73.Rb8 Rg3+ 74.Bd3 Rg4 75.Rb5 Rf4 76.Bf5 Kc6 77.Ra5 Kd6
78.Kd3 Rb4 79.Be4 Ke6 80.Ke3 Kd6 81.Kf4 Rc4 82.Rd5+ Kc6 83.Rg5+ Kd6 84.Rh5 Rb4
85.Rh6+ Kc5 86.Ke5 Rc4 87.Bd3 Rc3 88.Rd6 Rb3 89.Rd5+ Kc6 90.Bc4 Rh3 91.Kd4 Rh4+
92.Kc3 Rh3+ 93.Kb4 Rh4 94.Re5 Rf4 95.Re6+ Kd7 96.Ra6 Rf5 97.Be6+  1-0

[Event "Titled Tue 12th Aug Early"]
[Site "chess.com INT"]
[Date "2025.08.12"]
[Round "8"]
[White "Terry,R"]
[Black "Nakamura,Hi"]
[Result "0-1"]
[WhiteElo "2508"]
[BlackElo "2807"]

1.e4 c5 2.Nf3 e6 3.Nc3 a6 4.g3 b5 5.Bg2 Bb7 6.d3 d6 7.O-O Nd7 8.Ne2 Ngf6
9.Ng5 Qc7 10.f4 h6 11.Nh3 g6 12.Nf2 Bg7 13.c3 e5 14.c4 O-O 15.Nc3 b4 16.Nd5 Nxd5
17.cxd5 exf4 18.gxf4 f5 19.Qc2 Rae8 20.Bd2 a5 21.Rae1 Ba6 22.b3 fxe4 23.Nxe4 Nf6
24.Ng3 Rxe1 25.Rxe1 Bc8 26.d4 Ng4 27.Qxg6 Qf7 28.Qxf7+ Kxf7 29.Bf3 Bxd4+
30.Kg2 Rg8 31.Re2 h5 32.Nxh5 Ba6 33.Re6 Ne3+ 34.Kh1 Nf1 35.Ng3 Nxg3+ 36.hxg3 Rxg3
37.Bh5+ Kg7 38.Rxd6 Bf1 39.Be1 Rh3+  0-1

[Event "Titled Tue 12th Aug Late"]
[Site "chess.com INT"]
[Date "2025.08.12"]
[Round "8"]
[White "Carlsen,M"]
[Black "Nakamura,Hi"]
[Result "1-0"]
[WhiteElo "2839"]
[BlackElo "2807"]

1.e4 e5 2.Nf3 Nc6 3.Nc3 Nf6 4.h3 Bb4 5.a3 Bxc3 6.dxc3 d6 7.Bd3 h6 8.Be3 b6
9.Qe2 Bb7 10.O-O-O Qe7 11.Nd2 O-O-O 12.Rhe1 Kb8 13.f3 Rc8 14.c4 Nd8 15.Nb1 Ne6
16.Nc3 c6 17.Qd2 Rcd8 18.g3 g5 19.Qf2 Nd7 20.Rh1 h5 21.h4 f6 22.Bf1 Ndf8
23.b4 Ng6 24.hxg5 fxg5 25.Bh3 Qf6 26.Bxe6 Qxe6 27.Bxg5 Rdf8 28.Qe3 Kc7 29.f4 exf4
30.gxf4 Qxc4 31.f5 Ne5 32.Be7 Ng4 33.Qg3 Re8 34.Rxh5 Bc8 35.Rxh8 Rxh8 36.Qxd6+ Kb7
37.Qd4 Qg8 38.b5 Rh6 39.f6 Qg5+ 40.Kb2 Ne3 41.bxc6+ Kxc6 42.Rd3 Ng4 43.Qd5+ Qxd5
44.Nxd5 Be6 45.Rc3+ Kb7 46.Rc7+ Ka6 47.c4 Bxd5 48.cxd5 Nxf6 49.Bxf6 Rxf6
50.e5 Rf5 51.Re7 Kb5 52.d6 Kc6 53.d7 Rf2+ 54.Kc3  1-0

[Event "Titled Tue 12th Aug Early"]
[Site "chess.com INT"]
[Date "2025.08.12"]
[Round "9"]
[White "Nakamura,Hi"]
[Black "Durarbayli,Vasif"]
[Result "1/2-1/2"]
[WhiteElo "2807"]
[BlackElo "2612"]

1.c4 c5 2.Nc3 Nf6 3.g3 e6 4.Nf3 b6 5.Bg2 Bb7 6.O-O Be7 7.d4 cxd4 8.Qxd4 d6
9.b3 O-O 10.Rd1 Nbd7 11.Bb2 a6 12.Rac1 Qc7 13.Ne1 Rfe8 14.Ne4 Nc5 15.Nxf6+ Bxf6
16.Qd2 Bxb2 17.Qxb2 Red8 18.b4 Ne4 19.Rd4 Nf6 20.Bxb7 Qxb7 21.Rcd1 d5 22.Ng2 Qc7
23.cxd5 Rxd5 24.Ne3 Rxd4 25.Qxd4 b5 26.Rd2 h5 27.Rc2 Qb7 28.f3 Rc8 29.Rc5 Qa8
30.Kf2 Rd8 31.Qc3 h4 32.Rg5 hxg3+ 33.Rxg3 Ne8 34.Ng4 Qa7+ 35.Kg2 Qd4 36.Qc6 Qc4
37.Qxc4 bxc4 38.f4 Rd2 39.Kf2 Rxa2 40.f5 exf5 41.Nh6+ Kf8 42.Nxf5 g6 43.Nd4 Nd6
44.Rg1 Rb2 45.Ra1 Rxb4 46.Rxa6 Ne4+ 47.Ke3 Nc5 48.Rc6 Na4 49.Nf3 c3 50.Ne5 Rb7
51.Rc4 Nb6 52.Rc6 Nd5+ 53.Kd4 Nf4 54.e3 Ne6+ 55.Kxc3 Kg7 56.Kd3 Re7 57.Nf3 Nf8
58.Ra6 Nh7 59.Ra5 Rd7+ 60.Ke2 Re7 61.Nd4 Nf6 62.Kf3 Rd7 63.h4 Rd5 64.Ra7 Rd7
65.Ra6 Rd5 66.Rb6 Rd7 67.Ne2 Rd5 68.e4 Rd3+ 69.Kf4 Nh5+ 70.Ke5 Re3 71.Nf4 Nxf4
72.Kxf4 Re1 73.Kg4 Rg1+ 74.Kf3 Rf1+ 75.Kg3 Re1 76.Kf3 Rh1 77.Kg3 Re1 78.Kf3 Rh1
79.Kg3 Re1  1/2-1/2

[Event "Titled Tue 12th Aug Late"]
[Site "chess.com INT"]
[Date "2025.08.12"]
[Round "9"]
[White "Nakamura,Hi"]
[Black "Sarana,A"]
[Result "1-0"]
[WhiteElo "2807"]
[BlackElo "2691"]

1.Nf3 d5 2.e3 Nf6 3.c4 e6 4.b3 Bd6 5.Bb2 O-O 6.d4 b6 7.cxd5 exd5 8.Bd3 Bb7
9.O-O Nbd7 10.Ne5 Re8 11.f4 Ne4 12.Nd2 Ndf6 13.Ndf3 a5 14.Qe2 a4 15.bxa4 Re7
16.Bb5 Qc8 17.Nc6 Re6 18.Rfc1 Ng4 19.Nfe5 Nxh2 20.Qh5 Qf8 21.Qxf7+ Qxf7 22.Nxf7 Ng4
23.Nxd6 cxd6 24.f5 Rh6 25.Be2 Nxe3 26.Ne7+ Kf8 27.Rc7 Ba6 28.Bxa6 Rxa6 29.Bc1 Ng3
30.Kf2 Rh1 31.Kxg3 Rxa4 32.Bxe3 Rxa1 33.Nxd5 R1xa2 34.Nf4 R4a3 35.Ne6+ Kg8
36.Kf3 Ra7 37.Rc8+ Kf7 38.Bg5 R2a3+ 39.Ke4 d5+ 40.Ke5 Ra8 41.Rc7+ Kg8 42.Rxg7+ Kh8
43.Bf6 Re3+ 44.Kd6  1-0

[Event "Titled Tue 12th Aug Early"]
[Site "chess.com INT"]
[Date "2025.08.12"]
[Round "10"]
[White "Shimanov,A"]
[Black "Nakamura,Hi"]
[Result "0-1"]
[WhiteElo "2578"]
[BlackElo "2807"]

1.e4 g6 2.d4 a6 3.c4 Bg7 4.Nc3 d6 5.Be3 c6 6.Nf3 b5 7.a3 Nf6 8.h3 O-O 9.Bd3 Nbd7
10.O-O e5 11.dxe5 dxe5 12.b4 Qe7 13.Qc2 Nh5 14.Rfd1 Nf4 15.Bf1 Ne6 16.c5 a5
17.Rab1 axb4 18.axb4 Bb7 19.Rd6 Rfc8 20.Qc1 Ndf8 21.Qb2 Rd8 22.Rbd1 Rxd6
23.Rxd6 Nc7 24.Be2 Ne8 25.Rd2 Bc8 26.Qb1 Ra3 27.Qb2 Ra7 28.Qb1 f6 29.Ra2 Be6
30.Rxa7 Qxa7 31.Qb2 Nc7 32.Nd2 Bf7 33.Nb3 Nfe6 34.Na5 Qa8 35.Qd2 Bf8 36.Bd1 Na6
37.Ne2 Nd8 38.f4 Qc8 39.fxe5 fxe5 40.Bg5 Ne6 41.Bf6 Qc7 42.Kh1 Nxb4 43.Qxb4 Nxc5
44.Bh4 Nb7 45.Qd2 Nxa5 46.Ng1 Nc4 47.Qc1 Nd6 48.Bc2 b4 49.Nf3 Nb5 50.Bf6 Bg7
51.Qg5 Bxf6 52.Qxf6 Qd6 53.Qxd6 Nxd6 54.Nxe5 c5 55.Kg1 Ba2  0-1

[Event "Titled Tue 12th Aug Late"]
[Site "chess.com INT"]
[Date "2025.08.12"]
[Round "10"]
[White "Naroditsky,D"]
[Black "Nakamura,Hi"]
[Result "0-1"]
[WhiteElo "2619"]
[BlackElo "2807"]

1.e4 c5 2.Nf3 d6 3.Bb5+ Bd7 4.a4 g6 5.O-O a6 6.Bxd7+ Nxd7 7.c3 Ngf6 8.Re1 Bg7
9.d4 O-O 10.e5 Ne8 11.Bg5 dxe5 12.dxe5 Nc7 13.Nbd2 Ne6 14.Bh4 Re8 15.Nc4 Qc7
16.a5 Rad8 17.Qb3 Nb8 18.h3 Qc6 19.Rad1 Bf8 20.Nb6 Nf4 21.Qc4 Ne6 22.Ng5 Nxg5
23.Bxg5 Qb5 24.Qxb5 axb5 25.e6 Nc6 26.Nd7 Nxa5 27.Nxc5 f6 28.Bf4 Rc8 29.b4 Nc4
30.Rd7 b6 31.Nb3 g5 32.Bg3 Na3 33.Re3 f5 34.Be5 Nc4 35.Re2 Red8 36.Rxd8 Rxd8
37.Nd4 Rd5 38.f4 gxf4 39.Bxf4 Bg7 40.Nc6 Bf6 41.Ra2 Rd1+ 42.Kh2 Re1 43.Bh6 Rxe6
44.Ra8+ Kf7 45.Nd8+ Kg6 46.Nxe6 Kxh6 47.Nd4 Kg5 48.Nxb5 e5 49.Rc8 Nd2 50.c4 e4
51.c5 e3 52.Re8 Ne4 53.Na3 bxc5 54.bxc5 e2 55.Nc2 Bc3 56.c6 Ba5 57.Re7 Kf6
58.c7 Nd6 59.Rxe2 Bxc7 60.Kh1 Ne4 61.Re1 Nf2+ 62.Kg1 Bb6 63.Rb1 Bc5 64.Kf1 Ne4
65.Rb5 Kg5 66.Ra5 Kf4 67.Ra6 h5 68.Ne1 Ng3+  0-1

[Event "Titled Tue 12th Aug Early"]
[Site "chess.com INT"]
[Date "2025.08.12"]
[Round "11"]
[White "Nakamura,Hi"]
[Black "Bortnyk,Olexandr"]
[Result "1-0"]
[WhiteElo "2807"]
[BlackElo "2601"]

1.d4 Nf6 2.Bg5 g6 3.Bxf6 exf6 4.e3 c6 5.h4 Qb6 6.b3 d5 7.h5 Rg8 8.Nf3 a5
9.a3 Bg4 10.hxg6 hxg6 11.c4 Nd7 12.Nc3 dxc4 13.Bxc4 Qc7 14.Qc2 Bxf3 15.gxf3 Nb6
16.Ne4 Be7 17.Rh7 Rf8 18.Ke2 f5 19.Nd2 Bd6 20.Rg1 O-O-O 21.Rxg6 fxg6 22.Rxc7+ Kxc7
23.f4 Bxa3 24.Nf3 Rfe8 25.Bf7 Re7 26.Bxg6 Nd5 27.Ne5 Rh8 28.Bf7 Rd8 29.Qxf5 Bb4
30.Kf3 Nb6 31.Ng6 Red7 32.Be6 Rd6 33.Ne5 Re8 34.Qf7+ Kd8 35.Qxb7 Rexe6 36.Nf7+ Ke8
37.Nxd6+ Rxd6 38.Qxb6 c5 39.Qb5+ Ke7 40.dxc5 Rd5 41.Qb7+ Rd7 42.Qe4+ Kd8
43.c6 Re7 44.Qd5+ Kc7 45.f5 Bd6 46.Qxa5+ Kxc6 47.Qa4+ Kc7 48.f6 Re5 49.e4 Kd8
50.Qc4 Kd7 51.Qf7+ Kc6 52.b4 Bxb4 53.Qc4+ Bc5 54.f7  1-0

[Event "Titled Tue 12th Aug Late"]
[Site "chess.com INT"]
[Date "2025.08.12"]
[Round "11"]
[White "Martinez Alcantara,Jose Eduardo"]
[Black "Nakamura,Hi"]
[Result "0-1"]
[WhiteElo "2636"]
[BlackElo "2807"]

1.c4 e5 2.g3 Nf6 3.Bg2 c6 4.Nf3 e4 5.Nd4 Qb6 6.Nc2 d5 7.cxd5 cxd5 8.O-O h5
9.d3 h4 10.Nc3 hxg3 11.hxg3 Qe6 12.dxe4 dxe4 13.Bg5 Nc6 14.Qd2 Bd7 15.Rfd1 O-O-O
16.Rac1 Qe5 17.Qf4 Qxf4 18.Bxf4 Re8 19.Nd4 Rh5 20.Ncb5 Rc5 21.Nxc6 bxc6 22.Nd6+ Bxd6
23.Bxd6 Rxc1 24.Rxc1 Nd5 25.Bc5 Kb7 26.Rc4 f5 27.f3 exf3 28.Bxf3 g5 29.Ra4 Nb6
30.Rd4 Be6 31.Rd6 Bd5 32.Bxb6 axb6 33.Kf2 Bxf3 34.exf3 Re5 35.Rg6 f4 36.gxf4 gxf4
37.Rd6 Rc5 38.Rd2 b5 39.Ke2 Re5+ 40.Kf2 Rc5 41.Ke2 Kb6 42.a3 Re5+ 43.Kf2 Re3
44.Rd4 Rb3 45.Rb4 Rxb4 46.axb4 c5 47.Ke2 c4 48.Kd2 Kc6 49.Kc2 Kd5 50.Kd2 Kd4
51.Ke2 c3 52.b3 c2 53.Kd2 c1=Q+ 54.Kxc1 Ke3 55.Kc2 Kxf3 56.Kc3 Kg2 57.Kb2 f3
58.Ka3 f2 59.Kb2 f1=Q 60.Kc2 Qf3 61.Kb2 Qd3 62.Ka2 Qc3  0-1

[Event "Abu Dhabi Masters Online"]
[Site "chess.com INT"]
[Date "2025.08.18"]
[Round "1"]
[White "Wang,Derek"]
[Black "Nakamura,Hi"]
[Result "0-1"]
[WhiteElo "2110"]
[BlackElo "2807"]

1.Nf3 g6 2.d4 Bg7 3.c4 d6 4.Nc3 Bg4 5.e3 Nd7 6.Be2 e5 7.O-O Ngf6 8.h3 Bxf3
9.Bxf3 c6 10.Re1 O-O 11.b3 Re8 12.Bb2 e4 13.Be2 h5 14.b4 Nf8 15.a4 Ne6 16.Qc2 a5
17.b5 c5 18.dxc5 Nxc5 19.Red1 b6 20.Nd5 Nxd5 21.Rxd5 Bxb2 22.Qxb2 Re6 23.Qc2 h4
24.Rad1 Qe7 25.R1d2 Rd8 26.Bd1 Nd3 27.Qc3 Nb4 28.R5d4 Rc8 29.Bb3 Rc5 30.Qc1 f5
31.Qd1 Nd3 32.Bc2 Nb2 33.Qe2 Kg7 34.Qf1 Rf6 35.Bxe4 Nxa4 36.Bd5 Nc3 37.Rxh4 f4
38.Rxf4 Rxf4 39.exf4 a4 40.Qd3 Qf6 41.Rc2 Nxd5 42.cxd5 Rxc2 43.Qxc2 a3 44.Qc7+ Kh6
45.Qc2 Qb2 46.Qc8 a2 47.Kh2 a1=Q  0-1

[Event "Abu Dhabi Masters Online"]
[Site "chess.com INT"]
[Date "2025.08.18"]
[Round "2"]
[White "Nakamura,Hi"]
[Black "Panesar,Vedant"]
[Result "1-0"]
[WhiteElo "2807"]
[BlackElo "2419"]

1.Nf3 Nf6 2.g3 g6 3.Bg2 Bg7 4.O-O O-O 5.d4 d6 6.Nc3 d5 7.Bf4 Nbd7 8.Nb5 Ne8
9.c4 dxc4 10.Qc2 Nd6 11.Nc3 Re8 12.e4 e5 13.dxe5 Nxe5 14.Nxe5 Bxe5 15.Bxe5 Rxe5
16.f4 Re8 17.Rad1 c6 18.Qf2 Qc7 19.e5 Nb5 20.Ne4 Rd8 21.a4 Rxd1 22.Rxd1 Bg4
23.Nf6+  1-0